Vista normal Vista MARC

Entrada Corporate Name

Número de registros utilizados en: 1

001 - CONTROL NUMBER

  • control field: 43127

003 - CONTROL NUMBER IDENTIFIER

  • control field: OSt

005 - DATE AND TIME OF LATEST TRANSACTION

  • control field: 20241016144957.0

008 - FIXED-LENGTH DATA ELEMENTS

  • fixed length control field: 241016|| aca||aabn | a|a d

040 ## - CATALOGING SOURCE

  • Original cataloging agency: OSt
  • Transcribing agency: OSt

110 ## - HEADING--CORPORATE NAME

  • Corporate name or jurisdiction name as entry element: Bogotá (Colombia).
  • Subordinate unit: Alcaldía Mayor.
  • Subordinate unit: Secretaría de Cultura, Recreación y Deporte

670 ## - SOURCE DATA FOUND

  • Source citation: Work cat.: (OSt)38467: Bogotá (Colombia). Alcaldía Mayor. Secretaría de Cultura, Recreación y Deporte., Estado del arte sobre las prácticas culturales de la población LGBT en Bogotá, D.C. /









Instituto Departamental de Cultura del Meta - Red Departamental de Bibliotecas Públicas del Meta.